Music Quiz

Random Music or Quote Quiz

Quotes About Songs III Quiz Stats

 Plays Quiz Updated Dec 9, 2015

Challenge
Share
Tweet
Embed
Score 0/17 Timer 08:00
0 Plays Today
Song % Correct
Pinball Wizard
90.3%
Jump
72.1%
Ice Ice Baby
69%
In the Ghetto
53.8%
Like a Rock
52.9%
Michelle
50.8%
Breakfast at Tiffany's
45.8%
Ohio
45.1%
Da Ya Think I'm Sexy
43.8%
Song % Correct
Bitter Sweet Symphony
41.9%
Cop Killer
36.9%
Beat It
35.8%
Down Under
31.1%
More Than a Feeling
30.5%
Runnin' Down a Dream
19%
Let's Stay Together
12%
Save the Last Dance for Me
8.7%

You're not logged in!

Compare scores with friends on all Sporcle quizzes.
Join for Free
OR
Log In

You Might Also Like...

Show Comments

Extras

Top Quizzes Today


Score Distribution

Your Account Isn't Verified!

In order to create a playlist on Sporcle, you need to verify the email address you used during registration. Go to your Sporcle Settings to finish the process.

Report this User

Report this user for behavior that violates our Community Guidelines.

Details: